<?xml version="1.0" encoding="UTF-8"?>
<record
    xmlns:xsi="http://www.w3.org/2001/XMLSchema-instance"
    xsi:schemaLocation="http://www.loc.gov/MARC21/slim http://www.loc.gov/standards/marcxml/schema/MARC21slim.xsd"
    xmlns="http://www.loc.gov/MARC21/slim">

  <leader>00914nam a22001935i 4500</leader>
  <controlfield tag="001">167733</controlfield>
  <controlfield tag="003">ES-MaACL</controlfield>
  <controlfield tag="005">20250929063249.0</controlfield>
  <controlfield tag="008">980708s1852    fr           |||| | fre d</controlfield>
  <datafield tag="040" ind1=" " ind2=" ">
    <subfield code="a">CYL </subfield>
    <subfield code="b">spa </subfield>
    <subfield code="c">CYL</subfield>
  </datafield>
  <datafield tag="100" ind1="1" ind2=" ">
    <subfield code="a">Vivien, Alexandre Fran&#xE7;ois Auguste, </subfield>
    <subfield code="d">1799-1854</subfield>
    <subfield code="9">133807</subfield>
  </datafield>
  <datafield tag="245" ind1="1" ind2="0">
    <subfield code="a">&#xC9;tudes administratives / </subfield>
    <subfield code="c">par M. Vivien.</subfield>
  </datafield>
  <datafield tag="250" ind1=" " ind2=" ">
    <subfield code="a">Deuxi&#xE8;me &#xE9;dition enti&#xE8;rement refondue, et consid&#xE9;rablement augment&#xE9;e.</subfield>
  </datafield>
  <datafield tag="260" ind1=" " ind2=" ">
    <subfield code="a">Paris : </subfield>
    <subfield code="b">Guillaumin et Cie., Libraires-Editeurs, </subfield>
    <subfield code="c">1852 (</subfield>
    <subfield code="e">A Saint Germain en Laye : </subfield>
    <subfield code="f">Imprimerie de Beau)</subfield>
  </datafield>
  <datafield tag="300" ind1=" " ind2=" ">
    <subfield code="a">2 vol. (XV-356, 428 p.) ; </subfield>
    <subfield code="c">18 cm.</subfield>
  </datafield>
  <datafield tag="505" ind1="8" ind2=" ">
    <subfield code="a">Contiene: Tome premier, Premi&#xE8;re partie : Organisation et principes g&#xE9;n&#xE9;raux de l'administration. -- Tome second, Deuxi&#xE8;me partie : Branches sp&#xE9;ciales de l'administration</subfield>
  </datafield>
  <datafield tag="852" ind1=" " ind2=" ">
    <subfield code="a">ES-MaACL</subfield>
    <subfield code="j">D-3046-47 </subfield>
    <subfield code="z">-- Enc. hol. </subfield>
    <subfield code="q">-- Son los T. I y II</subfield>
  </datafield>
  <datafield tag="999" ind1=" " ind2=" ">
    <subfield code="c">167733</subfield>
    <subfield code="d">167733</subfield>
  </datafield>
  <datafield tag="952" ind1=" " ind2=" ">
    <subfield code="0">0</subfield>
    <subfield code="1">0</subfield>
    <subfield code="4">0</subfield>
    <subfield code="7">0</subfield>
    <subfield code="8">LIBXIX</subfield>
    <subfield code="a">ATENEOM</subfield>
    <subfield code="b">ATENEOM</subfield>
    <subfield code="c">SVI</subfield>
    <subfield code="d">2008-01-17</subfield>
    <subfield code="l">0</subfield>
    <subfield code="o">D-3046-47</subfield>
    <subfield code="p">901175968</subfield>
    <subfield code="r">2023-02-23 00:00:00</subfield>
    <subfield code="w">2023-02-23</subfield>
    <subfield code="y">MONANT</subfield>
  </datafield>
</record>
